El Arte y la ciencia de la protección por relevadores
Na minha lista:
| Autor principal: | |
|---|---|
| Outros Autores: | |
| Formato: | Livro |
| Idioma: | Spanish |
| Publicado em: |
México : Continental,
1976.
|
| Assuntos: | |
| Tags: |
Adicionar Tag
Sem tags, seja o primeiro a adicionar uma tag!
|
MARC
| LEADER | 00000nam a2200000Ia 4500 | ||
|---|---|---|---|
| 003 | L000651 | ||
| 005 | 20221231143955.0 | ||
| 008 | 140114s1971 mx a 000 ||spa d | ||
| 040 | |c cru CEDI | ||
| 082 | |a 621.311 M398a | ||
| 100 | |a Mason, C. Russell |9 19474 | ||
| 245 | |a El Arte y la ciencia de la protección por relevadores | ||
| 260 | |a México : Continental, |c 1976. | ||
| 300 | |a 480 páginas : ilustraciones | ||
| 648 | |x RELES ELECTRICOS |9 19477 | ||
| 700 | |9 19476 |a Parera Bahi, Amor |d Traductor/a | ||
| 942 | |2 ddc |c BK | ||
| 999 | |c 15035 |d 15035 | ||
